Normal view
MARC view
- Karim, Hira
Entry Personal Name
001 - CONTROL NUMBER
- control field: 132654
003 - CONTROL NUMBER IDENTIFIER
- control field: NUST
005 - DATE AND TIME OF LATEST TRANSACTION
- control field: 20260101094852.0
008 - FIXED-LENGTH DATA ELEMENTS
- fixed length control field: 260101|| aca||aabn | a|a d
040 ## - CATALOGING SOURCE
- Original cataloging agency: NUST
- Transcribing agency: NUST
100 ## - HEADING--PERSONAL NAME
- Personal name: Karim, Hira
670 ## - SOURCE DATA FOUND
- Source citation: Work cat.: (NUST): Karim, Hira, Sustainable and Green Utility of Amino Acids based Ionic Liquids for CO2 Sorption: Computational and Experimental Investigations/
